[Event "HUN-chT2 Szechenyi 1617"]
[White "Gaal, Zsoka"]
[Black "Hamzane Gyimesi, Andrea"]
[Site "Hungary"]
[Round "9.9"]
[Result "1-0"]
[Date "2017.02.26"]
[WhiteElo "1749"]
[BlackElo "1600"]
[PlyCount "61"]
[EventDate "2016.09.25"]
[EventType "team-tourn"]
[EventRounds "11"]
[EventCountry "HUN"]
[SourceTitle "EXT 2021"]
[Source "ChessBase"]
[SourceDate "2020.10.23"]
[SourceVersion "1"]
[SourceVersionDate "2020.10.23"]
[SourceQuality "1"]
[WhiteTeam "Tapolca VSE II"]
[BlackTeam "Papa"]
[WhiteTeamCountry "HUN"]
[BlackTeamCountry "HUN"]

1. d4 d5 2. Nf3 Nf6 3. g3 Bf5 4. Bg2 e6 5. 0-0 Be7 6. c4 dxc4 7. Qa4+ Nbd7 8. Qxc4 c6 9. Nc3 Nb6 10. Qb3 Ne4 11. Bf4 g5 12. Be3 g4 13. Ne5 Nxc3 14. bxc3 f6 15. Nd3 Qc7 16. Bf4 Bd6 17. e4 Bxf4 18. Nxf4 e5 19. Nh5 0-0-0 20. exf5 Nd5 21. c4 Ne7 22. Nxf6 Rxd4 23. Rab1 Nxf5 24. Ne4 h5 25. Nc5 Qb6 26. Qxb6 axb6 27. Rxb6 Nd6 28. Rfb1 Rh7 29. Bxc6 Rxc4 30. Bxb7+ Nxb7 31. Nxb7 1-0